000
00326nam a2200121Ia 4500
008
240624s9999 xx 000 0 und d
041
_a
eng
082
_a
920 KIR
100
_a
KIRLOSKAR S V
245
_a
MAN WHO MADE MACHINES BIOGRAPHY OF THE P
260
_c
2019
_a
Pune
_b
Kirloskar Brothers Limited
300
_a
278 p.; 23 cm.
999
_c
31921
_d
31921